Дело об отпуске сумм на новые кафедры в университетах

Доступно только в Электронных читальных залах Найти на картеНа карте
RUSMARC
00003744nmc2a22000003x 450
0018281607d-f7ad-4f66-9783-46ed7ff25ddc
00520180703023405.0
100##$a20160408l18661869k l0rusy0189 ca
1010#$arus
102##$aRU
2001#$aДело об отпуске сумм на новые кафедры в университетах
$j11 марта 1866 г. - 13 декабря 1869 г.
$h[Часть 3]
251##$cДело
300##$aДело
801#0$aRU
$bРГИА
$c20160408
$gRCR
801#1$aRU
$bГлавНИВЦ
$c20160408
$2rusmarc
801#2$aRU
$bПБ им. Б.Н. Ельцина
$c20180703
$gRCR
$2rusmarc
850##$aРГИА
852##$aРГИА
$eФедеральное казенное учреждение "Российский государственный исторический архив" (РГИА)
$j96
937##$hРГИА
$d12193568
$aASBIBLIO_SCAN
462#0$100175ee99a9-5750-4f16-9283-bc673fb37de8
$12001
$aДела разряда высших учебных заведений Департамента народного просвещения за 1838-1872 гг.
$1251
$cОпись
$1852
$j147
461#0$1001a74412a3-3cc5-4d21-8f0a-dfe2fbd9e72d
$12001
$aДепартамент народного просвещения Министерства народного просвещения (1803-1917)
$1251
$cФонд
$1852
$j733
215##$a715 л.
$d36,5х26 см
371##$aДокумент не является опубликованным и широко распространяемым
105##$ay###
1222#$ad
035##$a8281607d-f7ad-4f66-9783-46ed7ff25ddc
856##$uhttp://readingroom.main.prlib.ru/item.aspx?id_node=n116613950&mode=full
Формат отображения